| 000 | 00791nam a2200265Ia 4500 | ||
|---|---|---|---|
| 003 | OSt | ||
| 005 | 20221005085113.0 | ||
| 006 | a|||||r|||| 00| 0 | ||
| 007 | ta | ||
| 008 | 221004b |||||||| |||| 00| 0 eng d | ||
| 020 |
_a9780231170758 (pbk) _cUSD 30.00 |
||
| 024 | _a29322 | ||
| 037 |
_b1248, 23/02/2017, Bright Book Service _cTextual |
||
| 040 |
_aCRL _cCRL _beng |
||
| 041 |
_2eng _aeng |
||
| 082 | _aQ4, Q5 | ||
| 100 |
_aBoyle Richard P. Au. _9613925 |
||
| 245 | 0 | _aRealizing awakended consciousness | |
| 260 |
_aNew York _bColumbia University Press USA _c2015 |
||
| 300 |
_axiv, 352p. _ccm. |
||
| 650 | _a RELIGION | ||
| 650 | _aBUDDHISM | ||
| 942 |
_hQ4, Q5 _cTEXL _2cc |
||
| 999 |
_c993715 _d993715 |
||